Fertilizing for maximum yield / (Record no. 3593)

MARC details
000 -LEADER
fixed length control field 00611cam a2200217 a 4500
001 - CONTROL NUMBER
control field BD-DhSAU 3593
003 - CONTROL NUMBER IDENTIFIER
control field BD-DhSAU
005 - DATE AND TIME OF LATEST TRANSACTION
control field 20150208134454.0
008 - FIXED-LENGTH DATA ELEMENTS--GENERAL INFORMATION
fixed length control field 820630s1982 nyua b 001 0 eng
020 ## - INTERNATIONAL STANDARD BOOK NUMBER
International Standard Book Number 0003833267
040 ## - CATALOGING SOURCE
Original cataloging agency BD-DhSAU
082 00 - DEWEY DECIMAL CLASSIFICATION NUMBER
Classification number 631.42
Edition number 22
Item number COF
100 1# - MAIN ENTRY--PERSONAL NAME
Personal name Cooke, G. W.
245 10 - TITLE STATEMENT
Title Fertilizing for maximum yield /
Statement of responsibility, etc. G.W. Cooke.
250 ## - EDITION STATEMENT
Edition statement 3rd ed.
260 ## - PUBLICATION, DISTRIBUTION, ETC. (IMPRINT)
Place of publication, distribution, etc. New York :
-- Toronto :
Name of publisher, distributor, etc. Collier Macmillan Canada ,
Date of publication, distribution, etc. 1982.
300 ## - PHYSICAL DESCRIPTION
Extent xiv, 465 p. :
Other physical details ill. ;
Dimensions 23 cm.
504 ## - BIBLIOGRAPHY, ETC. NOTE
Bibliography, etc Includes index and Bibliography: p. 440-456.
590 ## - Name of Cataloguer
Name of Cataloger IMRAN
650 #0 - SUBJECT ADDED ENTRY--TOPICAL TERM
Topical term or geographic name as entry element Fertilizers.
942 ## - ADDED ENTRY ELEMENTS (KOHA)
Source of classification or shelving scheme Dewey Decimal Classification
Koha item type Book
Holdings
Withdrawn status Lost status Source of classification or shelving scheme Damaged status Not for loan Home library Branch Name Shelving location Date acquired Total Checkouts Full call number Barcode Date last seen Date checked out Price effective from Koha item type Collection code
    Dewey Decimal Classification     SAU Library SAU Library General Stacks 28/01/1989 1 631.42 COF 12488 04/07/2018 16/05/2018 08/02/2015 Book  
    Dewey Decimal Classification     SAU Library SAU Library General Stacks 29/04/1980   631.42 COF 10281 08/02/2015   08/02/2015 Book  
    Dewey Decimal Classification     SAU Library SAU Library General Stacks 28/01/1989   631.42 COF 12489 08/02/2015   08/02/2015 Book  
    Dewey Decimal Classification   Not For Loan SAU Library SAU Library Reference 28/01/1989   631.42 COF 12487 11/04/2015   11/04/2015 Book Reference